Statistics for F-vel kezdődő országok

Click here to take the quiz!

General Stats

  • This quiz has been taken 20 times
  • The average score is 4 of 5

Answer Stats

Ország% Correct
Franciaország
100%
Finnország
92%
Fidzsi-szigetek
75%
Fehéroroszország
67%
Fülöp-szigetek
67%

Score Distribution

Percentile by Number Answered

Percent of People with Each Score

Your Score History

You have not taken this quiz